| 000 | 00499nam a22001937a 4500 | ||
|---|---|---|---|
| 999 |
_c8111 _d8111 |
||
| 003 | OSt | ||
| 005 | 20230322163610.0 | ||
| 008 | 230322b ||||| |||| 00| 0 eng d | ||
| 020 | _a0863881262 | ||
| 040 | _cDDC | ||
| 082 | _aWE 706.p871h 1994. | ||
| 100 |
_aPowell,Trevor; _916549 |
||
| 245 | _aHead Injury:A Practical Guide | ||
| 260 |
_aUk, _bHead way. _c1994. |
||
| 300 |
_aix,195p; _bill, _c22cm. |
||
| 504 | _aglossary and index are included. | ||
| 650 |
_aMedicine _9324 |
||
| 942 |
_2z _cO_SHELF |
||